| 000 | 00000nas 2200000za 4500 |
| 001 | 9.842212 |
| 003 | CaOODSP |
| 005 | 20221107152257 |
| 007 | cr ||||||||||| |
| 008 | 170822d193019uuoncau p o f0###b0fre|d |
| 022 | |y0844-6849 |
| 040 | |aCaOODSP|bfre |
| 043 | |an-cn--- |
| 086 | 1 |aCS11-204F-PDF |
| 110 | 1 |aCanada. |bBureau fédéral de la statistique. |
| 245 | 10|aListe des publications comprenant rapports, bulletins, communiqués à la presse, etc. |h[ressource électronique]. |
| 260 | |a[Ottawa] : |bBureau fédéral de la statistique, |c[1930?-19--?] |
| 310 | |aAnnual |
| 500 | |aPublié aussi en anglais sous le titre: List of publications including reports, bulletins, press releases, etc. |
| 588 | |aDescription d'après: [1930]. |
| 692 | 07|2gccst|aStatistique |
| 692 | 07|2gccst|aÉdition |
| 775 | 08|tList of publications including reports, bulletins, press releases, etc. |w(CaOODSP)9.842211 |